[Event "COL sub zt 2.3.4"]
[Site "La Dorada"]
[Date "2016.11.06"]
[Round "7"]
[White "Bolivar, Jeison"]
[Black "Rojas, Luis Alejandro"]
[Result "1-0"]
[WhiteElo "2091"]
[BlackElo "1995"]
[PlyCount "43"]
[EventDate "2016.11.02"]
[EventType "swiss"]
[EventRounds "9"]
[EventCountry "COL"]
[SourceTitle "CBM 175 Extra"]
[Source "ChessBase"]
[SourceDate "2016.12.12"]
[SourceVersion "1"]
[SourceVersionDate "2016.12.12"]
[SourceQuality "1"]

1. e4 c5 2. d4 cxd4 3. Nf3 Nc6 4. c3 d5 5. Bb5 dxe4 6. Nxd4 Bd7 7. Nxc6 Bxc6 8. Bxc6+ bxc6 9. Qa4 Qb6 10. Qxe4 Nf6 11. Qe2 e6 12. 0-0 h6 13. c4 Rc8 14. Nc3 Be7 15. Be3 Bc5 16. Na4 Qc7 17. Bxc5 Nd7 18. Be3 0-0 19. Rfd1 Rfd8 20. Nc3 Qe5 21. Rd2 Nf6 22. Rad1 1-0

[Event "COL sub zt 2.3.4"]
[Site "La Dorada"]
[Date "2016.11.05"]
[Round "6"]
[White "Rojas, Luis Alejandro"]
[Black "Dominguez Rincon, Miller Duvan"]
[Result "1-0"]
[WhiteElo "1995"]
[BlackElo "2077"]
[PlyCount "159"]
[EventDate "2016.11.02"]
[EventType "swiss"]
[EventRounds "9"]
[EventCountry "COL"]
[SourceTitle "CBM 175 Extra"]
[Source "ChessBase"]
[SourceDate "2016.12.12"]
[SourceVersion "1"]
[SourceVersionDate "2016.12.12"]
[SourceQuality "1"]

1. e4 c5 2. Nf3 d6 3. d4 cxd4 4. Nxd4 Nf6 5. f3 g6 6. c4 Bg7 7. Nc3 Nc6 8. Be3 Bd7 9. Qd2 Rc8 10. Rc1 b6 11. Be2 0-0 12. 0-0 Be6 13. Nd5 Nxd4 14. Bxd4 Nd7 15. Bxg7 Kxg7 16. Qd4+ Kg8 17. Ne3 Qc7 18. b3 Qc5 19. Qxc5 Rxc5 20. Rfd1 Rfc8 21. Rb1 Kg7 22. Kf2 Ra5 23. Rd2 Rac5 24. f4 Nf6 25. Bf3 Bd7 26. Nd5 Nxd5 27. Rxd5 Rxd5 28. exd5 b5 29. Be2 a6 30. Ke3 b4 31. Bd3 Kf6 32. Kd4 Rc5 33. Rc1 Be8 34. Rc2 Bd7 35. g3 Bg4 36. Rc1 Bd7 37. a3 bxa3 38. Ra1 a5 39. Rxa3 Bg4 40. Bf1 Bd1 41. Bh3 e6 42. Bg2 Kf5 43. Bh3+ Kf6 44. Bg2 h6 45. Be4 g5 46. Bg2 gxf4 47. gxf4 h5 48. Be4 Kg7 49. h4 Kf6 50. Kc3 e5 51. Ra1 Bg4 52. fxe5+ Kxe5 53. Bd3 Rc7 54. Rxa5 f5 55. Ra8 Rf7 56. Re8+ Kf4 57. Rd8 Kg3 58. Rxd6 f4 59. c5 Kxh4 60. Rh6 Kg3 61. Kd4 h4 62. d6 Bd7 63. Kd5 Rg7 64. b4 Rg5+ 65. Kd4 h3 66. Rh7 Bc6 67. b5 Rd5+ 68. Kc4 Ba8 69. Bf1 Rd1 70. Rxh3+ Kf2 71. Bd3 Rc1+ 72. Kd4 Rg1 73. Rh8 f3 74. Rxa8 Rg4+ 75. Kc3 Rg5 76. Kd4 Rg4+ 77. Be4 Ke2 78. Ra2+ Ke1 79. d7 f2 80. Rxf2 1-0